| 000 | 00000nam 2200000za 4500 |
| 001 | 9.846887 |
| 003 | CaOODSP |
| 005 | 20221107153318 |
| 007 | cr ||||||||||| |
| 008 | 171109q1990 onck os f000 0 eng d |
| 040 | |aCaOODSP|beng |
| 043 | |an-cn--- |
| 086 | 1 |aCS11-612/7PE-PDF |
| 245 | 00|aGeneral Social Survey - preliminary data |h[electronic resource] : |bcycle 4 : education and work. |
| 260 | |a[Ottawa] : |bStatistics Canada, |c[1990?] |
| 300 | |a11, [19], 24 p. : |bforms |
| 500 | |aIssued also in French under title: Enquête sociale générale - données préliminaires : cycle 4 : les études et le travail. |
| 500 | |aCover title. |
| 500 | |aChiefly tables. |
| 500 | |aDigitized edition from print [produced by Statistics Canada]. |
| 530 | |aIssued also in print format. |
| 610 | 20|aGeneral Social Survey (Canada) |
| 692 | 07|2gccst|aLabour force |
| 692 | 07|2gccst|aEducation |
| 692 | 07|2gccst|aStatistics |
| 692 | 07|2gccst|aSocial surveys |
| 710 | 2 |aStatistics Canada. |
| 775 | 08|tEnquête sociale générale - données préliminaires |w(CaOODSP)9.846892 |
| 856 | 40|qPDF|s7.61 MB|uhttps://publications.gc.ca/collections/collection_2017/statcan/CS11-612-7P-eng.pdf |
| 986 | |a11-612E, no. 7P |